Fantasmas de día / (Registro nro. 59229)

Detalles MARC
000 -CABECERA
Longitud fija campo de control 01144nam a2200349 a 4500
003 - • IDENTIFICADOR DELl NÚMERO DE CONTROL
Identificador del número de control CO-BoRNBP
005 - • FECHA Y HORA DE LA ÚLTIMA TRANSACCIÓN
Fecha y hora de la última transacción 20250919205336.0
007 - • CAMPO FIJO DE DESCRIPCIÓN FÍSICA
Campo fijo de descripción física ta
008 - • CÓDIGOS DE INFORMACIÓN DE LONGITUD FIJA
Códigos de información de longitud fija 880809r20021987sp a jr 00011 spa d
020 ## - • NÚMERO INTERNACIONAL NORMALIZADO PARA LIBROS
Número Internacional Normalizado para Libros (ISBN) 8434822091
040 ## - FUENTE DE LA CATALOGACIÓN
Centro catalogador de origen la
Centro transcriptor la
041 0# - • CÓDIGO DE LENGUA
Código de lengua del texto/banda sonora o título independiente spa
043 ## - CÓDIGO DE ÁREA GEOGRÁFICA
Código de área geográfica e-sp---
082 04 - • NÚMERO DE LA CLASIFICACIÓN DECIMAL DEWEY
Número de clasificación (R) I863.6
Número del ítem B16f
Número de edición 19 ed.
100 1# - • PUNTO DE ACCESO PRINCIPAL-NOMBRE DE PERSONA
Nombre de persona Baquedano, Lucía,
Fechas asociadas al nombre 1938-
245 10 - • TITULO PROPIAMENTE DICHO
Título Fantasmas de día /
Mención de responsabilidad, etc. Lucía Baquedano ; ilustraciones Tino Gatagán.
250 ## - • MENCIÓN DE EDICIÓN
Mención de edición 28a. ed.
300 ## - • DESCRIPCIÓN FÍSICA
Extensión 93 p. :
Otras características físicas il. ;
Dimensiones 19 cm.
336 ## - TIPO DE CONTENIDO
Fuente rdacontent
Término de tipo de contenido texto
Código de tipo de contenido txt
337 ## - TIPO DE MEDIO
Fuente rdamedia
Nombre del tipo de medio sin mediación
Código del tipo de medio n
338 ## - TIPO DE SOPORTE
Fuente rdacarrier
Nombre del tipo de soporte volumen
Código del tipo de soporte nc
490 1# - • MENCIÓN DE SERIE
Mención de serie Colección el barco de vapor. Serie naranja ;
Designación de volumen o secuencia 44, 125
500 ## - • NOTA GENERAL
Nota general A partir de 9 años.
650 #7 - • PUNTO DE ACCESO ADICIONAL DE MATERIA - TÉRMINO DE MATERIA
Término de materia o nombre geográfico como elemento inicial Cuentos infantiles españoles.
Fuente del encabezamiento o término BLAAUTO
700 1# - • PUNTO DE ACCESO ADICIONAL - NOMBRE DE PERSONA
Nombre de persona Gatagán, Tino,
Fechas asociadas al nombre 1951-2005,
Término indicativo de función il.
830 #0 - • PUNTO DE ACCESO ADICIONAL DE SERIE - TÍTULO UNIFORME
Título uniforme Colección el barco de vapor.
Nombre de parte o sección de la obra Serie naranja ;
Designación de volumen o secuencia 44.
830 #0 - • PUNTO DE ACCESO ADICIONAL DE SERIE - TÍTULO UNIFORME
Título uniforme Colección el barco de vapor.
Nombre de parte o sección de la obra Serie naranja ;
Designación de volumen o secuencia 125.
830 #0 - • PUNTO DE ACCESO ADICIONAL DE SERIE - TÍTULO UNIFORME
Título uniforme Lista Básica-Bibliotécas Públicas 1.
942 ## - ENTRADA DE ELEMENTOS AGREGADOS (KOHA)
Fuente de clasificaión o esquema Dewey Decimal Classification
Koha [por defecto] tipo de item LIbro
949 ## - TRATAMIENTO DE LA INFORMACIÓN LOCAL (OCLC)
a n
b n
Existencias
Perdido Fuente de clasificación o esquema Estado Físico No para préstamo Forma de adquisición Localización permanente Localización actual Localización en estanterías Fecha adquisición Préstamos totales Signatura completa Código de barras Fecha última consulta Número de copia Fecha del precio de reemplazo Tipo de item de Koha
  Clasificación Local Facetada     Infantil Biblioteca Pública Fuentedeoro - Henry Llanos García Biblioteca Pública Fuentedeoro - Henry Llanos García Sala Infantil 09/19/2025   N BAQ1 Fo02788 09/19/2025 Ej.1 09/19/2025 Libro Infantil









Instituto Departamental de Cultura del Meta - Red Departamental de Bibliotecas Públicas del Meta.